| 000 | 00741nam a2200253Ia 4500 | ||
|---|---|---|---|
| 003 | OSt | ||
| 005 | 20221005025916.0 | ||
| 006 | a|||||r|||| 00| 0 | ||
| 007 | ta | ||
| 008 | 221004b |||||||| |||| 00| 0 eng d | ||
| 024 | _a69521 | ||
| 037 | _cTextual | ||
| 040 |
_aCRL _cCRL _beng |
||
| 041 |
_2eng _aeng |
||
| 082 | _aX8(D65,8(B)).42, N0 | ||
| 100 | _aFransman Martin | ||
| 245 | 0 |
_aMarket and beyond _b Co-operation and competition in information technology development in the Japanese System |
|
| 260 |
_aCambridge _bCambridge _c1990 |
||
| 300 |
_a333p. _ccm. |
||
| 650 | _a ECONOMICS | ||
| 650 | _aINDUSTRIES | ||
| 942 |
_hX8(D65,8(B)).42, N0 _cTEXL _2cc |
||
| 999 |
_c935426 _d935426 |
||